Nuevas sendas en criminología, exploraciones interdisciplinarias e interculturales

Saved in:
Bibliographic Details
Main Authors: Mednick, Sarnoff A. (autor), Shoham, S. Giora (Author)
Format: Book
Language:Spanish
Published: Buenos Aires Abeledo-Perrot 1981
Subjects:
Tags: Add Tag
No Tags, Be the first to tag this record!

MARC

LEADER 00000nam a2200000 a 4500
001 UCS0249
003 CL-VaPUC
008 970418e19810000AG |||||||||||||||||spa|d
082 0 4 |a 364.01  |b MED  |2 21 
100 |a Mednick, Sarnoff A.  |e autor  |9 461335 
700 0 |a Shoham, S. Giora  |e author  |9 383488 
245 1 0 |a Nuevas sendas en criminología, exploraciones interdisciplinarias e interculturales 
300 |a 347 p 
942 |c BK 
945 |d 19970418 00:00:00  |a paguirre 
260 |a Buenos Aires  |b Abeledo-Perrot  |c 1981 
650 0 |a Criminología  |9 256168 
650 0 |a Delitos  |9 224143 
650 7 |a FALTAS  |2 CL-VaPUC  |9 383489 
650 0 |a Ley penal  |9 256611 
650 0 |a Problemas sociales  |9 258537 
650 7 |a DELINCUENTES  |2 CL-VaPUC  |9 315465 
583 |a last modification  |c 19970418 00:00:00  |k Rodrigo Vera 
999 |c 258488  |d 258486 
952 |0 0  |1 0  |4 0  |6 364_010000000000000_MED_1981  |7 0  |8 A  |9 282637  |a BIBDER  |b BIBDER  |d 2019-11-19  |i 1209019  |o 364.01 MED 1981  |p 1209019  |r 2023-01-25  |w 2019-11-19  |y BK  |k DER